000 00573nam a2200229Ia 4500
005 20250508164614.0
008 008 250505s9999 xx 000 0 eng d
020 _a0-521-63392-3
037 _aTextual
040 _aFEDL
_beng
_cFEDL
041 _aeng
_2eng
084 _a410, YUL
_qFEDL
100 _aYule George
245 0 _aStudy of language
250 _a2
260 _aCambridge
_bCambridge University Press
_c1996
300 _a293p.
365 _aINR
_b1470
546 _aMACESE
942 _cTEXL
_h410, YUL
999 _c1390100
_d1390100